MARC

LEADER 00000nam0a2200000 4500
001 361124
005 20231102011346.0
035 |a (RuTPU)RU\TPU\retro\18450 
090 |a 361124 
100 |a 20210526d1980 km y0rusy50 ca 
101 0 |a rus 
102 |a LV 
105 |a a z 001zy 
200 1 |a Скоростные измерительные субсистемы  |f Латвийская академия наук, Институт электроники и вычислительной техники ; под ред. Э. А. Якубайтиса 
210 |a Рига  |c Зинатне  |d 1980 
215 |a 184 с.  |c ил. 
320 |a Библиогр.: с. 175-180 
320 |a Предм. указ.: с. 181-182 
606 1 |a Интеллектуальные измерительные системы  |2 stltpush  |3 (RuTPU)RU\TPU\subj\67329  |9 83173 
610 1 |a скоростные системы 
610 1 |a вычислительные сети 
610 1 |a вычислительные системы 
610 1 |a субсистемы 
610 1 |a алгоритмическое описание 
610 1 |a преобразование 
610 1 |a частотно-временные параметры 
610 1 |a реализация 
610 1 |a системы 
675 |a 681.518.3  |v 4 
702 1 |a Якубайтис  |b Э. А.  |4 340 
712 0 2 |a Латвийская академия наук  |b Институт электроники и вычислительной техники  |2 stltpush  |3 (RuTPU)RU\TPU\col\15362  |9 26136 
801 1 |a RU  |b 63413507  |c 20210526 
942 |c BK